Pittsburgh Pirates All Time BA leaders - Statistics

General Stats
  • This quiz has been taken 6 times
  • The average score is 3 of 10
Answer Stats
Hint Answer % Correct
.328 Honus Wagner
100%
.319 Lloyd Waner
67%
.340 Paul Waner
67%
.325 Elmer Smith
17%
.320 Pie Traynor
17%
.324 Arky Vaughan
0%
.321 Ginger Beaumont
0%
.360 Jake Stenzel
0%
.336 Kiki Cuyler
0%
.327 Matty Alou
0%
No matching quizzes found
Score Distribution
Percent of People with Each Score
Percentile by Number Answered
Your Score History
You have not taken this quiz